Mort subite - Premiers ministres français - Statistiques

Statistiques générales
  • Ce quiz a été pris 239 fois
  • Le résultat moyen est 3 sur 14
Answers on the Grid
Answers color-coded by a green-red scale on the quiz's grid according to % correct below.
Michel Barnier
Gabriel Attal
Edouard Philippe
Georges Pompidou
Michel Debré
Maurice Couve de Murville
Alain Juppé
Edith Cresson
Jean Castex
Laurent Fabius
François Fillon
Pierre Bérégovoy
Michel Rocard
Bernard Cazeneuve
Dominique de Villepin
Pierre Mauroy
Lionel Jospin
Raymond Barre
Pierre Messmer
Edouard Balladur
Jean-Marc Ayrault
Élisabeth Borne
Jacques Chaban-Delmas
Jacques Chirac
Jean-Pierre Raffarin
Manuel Valls
 
Statistiques - réponses
Réponse % Correct
Edouard Philippe
76%
Georges Pompidou
46%
Alain Juppé
36%
François Fillon
35%
Michel Debré
26%
Jacques Chirac
25%
Lionel Jospin
25%
Manuel Valls
18%
Jean-Pierre Raffarin
13%
Edouard Balladur
11%
Michel Rocard
11%
Jacques Chaban-Delmas
10%
Raymond Barre
8%
Pierre Mauroy
6%
Aucun quiz correspondant
Distribution des résultats
% des personnes avec chaque résultat
Percentile par nombre de réponses
Votre historique - résultats
Vous n’avez pas pris ce quiz